000
00202 a2200097 4500
001
45201
100
_a
Thomson W
245
_a
Thrust for flight
260
_a
London
_b
Pitman
_c
090
_c
28388
_d
28388
942
_a
NUST-CAE
_c
M
_c
20433
999
_c
280274
_d
280274